<?xml version="1.0" encoding="UTF-8"?>
<marc:record xmlns:marc="http://www.loc.gov/MARC21/slim">
   <marc:leader>00000nam a2200000 a 4500</marc:leader>
   <marc:datafield ind1="1" ind2=" " tag="100">
      <marc:subfield code="a">Theunissen, Georg</marc:subfield>
      <marc:subfield code="4">aut</marc:subfield>
      <marc:subfield code="e">Verfasser/-in</marc:subfield>
   </marc:datafield>
   <marc:datafield ind1=" " ind2=" " tag="653">
      <marc:subfield code="a">Psychische Störungen &amp; Verhaltensstörungen/ F00-99</marc:subfield>
   </marc:datafield>
   <marc:datafield ind1=" " ind2=" " tag="653">
      <marc:subfield code="a">Erwachsenenalter, spätes</marc:subfield>
   </marc:datafield>
   <marc:datafield ind1=" " ind2=" " tag="653">
      <marc:subfield code="a">Geragogik (Impulsthema)</marc:subfield>
   </marc:datafield>
   <marc:datafield ind1=" " ind2=" " tag="653">
      <marc:subfield code="a">Geistigbehindertenpädagogik (Impulsthema)</marc:subfield>
   </marc:datafield>
   <marc:datafield ind1=" " ind2=" " tag="653">
      <marc:subfield code="a">Organische (inkl.sympto.psych.) Störungen / F00-09</marc:subfield>
   </marc:datafield>
   <marc:datafield ind1=" " ind2=" " tag="653">
      <marc:subfield code="a">Demenzsyndrom / F00-03</marc:subfield>
   </marc:datafield>
   <marc:datafield ind1=" " ind2=" " tag="653">
      <marc:subfield code="a">Geistige Behinderung / F70-79</marc:subfield>
   </marc:datafield>
   <marc:datafield ind1="0" ind2="0" tag="245">
      <marc:subfield code="a">Altenbildung und Behinderung</marc:subfield>
   </marc:datafield>
   <marc:datafield ind1="0" ind2="0" tag="245">
      <marc:subfield code="b">Impulse für die Arbeit mit Menschen, die als lern- und geistig behindert gelten : [keine Neuauflage]</marc:subfield>
   </marc:datafield>
   <marc:datafield ind1="0" ind2="0" tag="245">
      <marc:subfield code="c">Georg Theunissen</marc:subfield>
   </marc:datafield>
   <marc:datafield ind1=" " ind2="1" tag="264">
      <marc:subfield code="a">Bad Heilbrunn/Obb.</marc:subfield>
      <marc:subfield code="b">J. Klinkhardt</marc:subfield>
      <marc:subfield code="c">2002</marc:subfield>
   </marc:datafield>
   <marc:datafield ind1="1" ind2=" " tag="490">
      <marc:subfield code="a">Heilpädagogische Handlungsfelder in Schule und sozialer Arbeit</marc:subfield>
   </marc:datafield>
   <marc:datafield ind1=" " ind2=" " tag="250">
      <marc:subfield code="a">1. Auflage</marc:subfield>
   </marc:datafield>
   <marc:datafield ind1="1" ind2=" " tag="520">
      <marc:subfield code="a">Mit dem vorliegenden Buch wird zum ersten Mal im deutschsprachigen Raum eine Grundlegung einer Bildung und Lebensbegleitung von Menschen mit Lernschwierigkeiten, seelischer und geistiger Behinderung im späten Erwachsenenalter und Alter vorgelegt. Behandelt werden u.a. folgende Themen: &lt;br/&gt;# demographische Entwicklung, &lt;br/&gt;# Altersbegriff, &lt;br/&gt;# Verständnis von Behinderung, &lt;br/&gt;# Bezugstheorien (z.B. Defizit-Theorie, Aktivitätsmodell, Produktivitätsmodell, Modell des erfolgreichen Alterns, Konzept der Entwicklungsaufgaben, Kompetenz-Modell, Stärken-Perspektive), &lt;br/&gt;# Lern- und Entwicklungsfähigkeit im Erwachsenenalter und Alter, &lt;br/&gt;# Grundzüge eines Bildungskonzepts, &lt;br/&gt;# Einbindung der Altenbildung in das System der Behinderten- und Altenarbeit (u.a. mit Beispielen aus den Niederlanden und den USA), &lt;br/&gt;# Praxisschwerpunkte (z.B. Biographiearbeit, Lebensbegleitung behinderter Menschen mit Demenz, persönliche Zukunftsplanung im Alter, Sterbe- und Trauerbegleitung). &lt;br/&gt;&lt;br/&gt;Das Lehrbuch ist systematisch aufgebaut, wissenschaftlich fundiert und wegweisend für die Praxis. Es wendet sich insbesondere an pädagogische Berufe und professionelle Helfer in der Behinderten- und Altenarbeit, an ihre Einrichtungsträger, an die zuständige Sozialadministration und Sozialpolitik sowie an Lehrkräfte und Studierende pädagogischer Fachgebiete (z.B. Heilpädagogik, Sozialpädagogik, Erwachsenenbildung) und der Heilerziehungspflege. &lt;br/&gt;</marc:subfield>
   </marc:datafield>
   <marc:datafield ind1=" " ind2=" " tag="020">
      <marc:subfield code="a">9783781511842</marc:subfield>
      <marc:subfield code="9">9783781511842</marc:subfield>
   </marc:datafield>
   <marc:datafield ind1=" " ind2=" " tag="041">
      <marc:subfield code="a">ger</marc:subfield>
   </marc:datafield>
   <marc:datafield ind1=" " ind2=" " tag="500">
      <marc:subfield code="a">Literaturverz. S. 187 - 205</marc:subfield>
   </marc:datafield>
   <marc:datafield ind1=" " ind2=" " tag="300">
      <marc:subfield code="b">Illustration(en)</marc:subfield>
   </marc:datafield>
   <marc:datafield ind1="1" ind2=" " tag="521">
      <marc:subfield code="a">16</marc:subfield>
   </marc:datafield>
   <marc:datafield ind1=" " ind2=" " tag="300">
      <marc:subfield code="a">207 S.</marc:subfield>
   </marc:datafield>
</marc:record>
